[Event "ODJM B 2023"]
[Site "Willingen GER"]
[Date "2023.05.29"]
[Round "3"]
[White "Pimenov, Danil"]
[Black "Sitnik, Arthur"]
[Result "1-0"]
[Termination "normal"]
[Board "7"]
[WhiteElo "1488"]
[BlackElo "1267"]
[WhiteClock "01:39:53"]
[BlackClock "00:19:58"]
[PlyCount "133"]
[WhiteFideId "34600248"]
[BlackFideId "34608150"]
[EventCountry "GER"]
[EventRounds "9"]
[EventType "swiss"]
[EventDate "2023.05.27"]

1. e4 {[%clk 01:30:56]} {[%emt 00:00:02]} e5 {[%clk 01:30:43]} {[%emt
00:00:17]} 2. Nf3 {[%clk 01:31:21]} {[%emt 00:00:05]} Nc6 {[%clk 01:31:06]}
{[%emt 00:00:07]} 3. Nc3 {[%clk 01:31:47]} {[%emt 00:00:05]} Nf6 {[%clk
01:31:25]} {[%emt 00:00:11]} 4. d4 {[%clk 01:32:13]} {[%emt 00:00:04]} exd4
{[%clk 01:31:26]} {[%emt 00:00:28]} 5. Nxd4 {[%clk 01:32:37]} {[%emt 00:00:06]}
Bb4 {[%clk 01:26:56]} {[%emt 00:05:01]} 6. Nxc6 {[%clk 01:32:59]} {[%emt
00:00:08]} Bxc3+ {[%clk 01:25:45]} {[%emt 00:01:40]} 7. bxc3 {[%clk 01:33:21]}
{[%emt 00:00:09]} dxc6 {[%clk 01:18:52]} {[%emt 00:07:23]} 8. Qxd8+ {[%clk
01:33:38]} {[%emt 00:00:13]} Kxd8 {[%clk 01:19:18]} {[%emt 00:00:04]} 9. f3
{[%clk 01:32:33]} {[%emt 00:01:34]} h6 {[%clk 01:11:45]} {[%emt 00:08:03]} 10.
Bc4 {[%clk 01:32:22]} {[%emt 00:00:41]} Be6 {[%clk 01:07:44]} {[%emt 00:04:31]}
11. Bxe6 {[%clk 01:32:06]} {[%emt 00:00:46]} fxe6 {[%clk 01:08:04]} {[%emt
00:00:10]} 12. Ba3 {[%clk 01:31:56]} {[%emt 00:00:41]} Ke8 {[%clk 01:00:57]}
{[%emt 00:07:37]} 13. Rd1 {[%clk 01:29:54]} {[%emt 00:02:31]} Rd8 {[%clk
00:59:03]} {[%emt 00:02:24]} 14. Ke2 {[%clk 01:28:44]} {[%emt 00:01:40]} Rxd1
{[%clk 00:57:01]} {[%emt 00:02:33]} 15. Rxd1 {[%clk 01:29:07]} {[%emt
00:00:06]} Kf7 {[%clk 00:56:54]} {[%emt 00:00:37]} 16. c4 {[%clk 01:29:07]}
{[%emt 00:00:30]} Ke8 {[%clk 00:45:03]} {[%emt 00:12:21]} 17. Ke3 {[%clk
01:25:43]} {[%emt 00:03:54]} b6 {[%clk 00:34:56]} {[%emt 00:10:38]} 18. Bb2
{[%clk 01:24:59]} {[%emt 00:01:14]} Ke7 {[%clk 00:24:57]} {[%emt 00:10:28]} 19.
Be5 {[%clk 01:24:28]} {[%emt 00:01:01]} Rc8 {[%clk 00:23:52]} {[%emt 00:01:35]}
20. g4 {[%clk 01:22:13]} {[%emt 00:02:45]} g5 {[%clk 00:19:03]} {[%emt
00:05:20]} 21. Bxf6+ {[%clk 01:21:38]} {[%emt 00:01:05]} Kxf6 {[%clk 00:19:26]}
{[%emt 00:00:06]} 22. Rd7 {[%clk 01:21:54]} {[%emt 00:00:14]} e5 {[%clk
00:18:31]} {[%emt 00:01:26]} 23. c3 {[%clk 01:21:25]} {[%emt 00:00:58]} c5
{[%clk 00:11:19]} {[%emt 00:07:43]} 24. Kd2 {[%clk 01:21:06]} {[%emt 00:00:49]}
a6 {[%clk 00:10:13]} {[%emt 00:01:36]} 25. a4 {[%clk 01:21:11]} {[%emt
00:00:24]} a5 {[%clk 00:09:55]} {[%emt 00:00:48]} 26. Ke2 {[%clk 01:21:23]}
{[%emt 00:00:19]} Kg6 {[%clk 00:08:57]} {[%emt 00:01:27]} 27. Kf2 {[%clk
01:20:56]} {[%emt 00:00:57]} Kf6 {[%clk 00:08:06]} {[%emt 00:01:22]} 28. Kg3
{[%clk 01:20:26]} {[%emt 00:00:59]} Kg6 {[%clk 00:07:09]} {[%emt 00:01:27]} 29.
h4 {[%clk 01:20:09]} {[%emt 00:00:46]} gxh4+ {[%clk 00:06:31]} {[%emt
00:01:09]} 30. Kxh4 {[%clk 01:20:30]} {[%emt 00:00:09]} Rf8 {[%clk 00:05:15]}
{[%emt 00:01:47]} 31. Kg3 {[%clk 01:18:38]} {[%emt 00:02:21]} Rf7 {[%clk
00:02:26]} {[%emt 00:03:20]} 32. Rd5 {[%clk 01:17:23]} {[%emt 00:01:44]} Re7
{[%clk 00:01:33]} {[%emt 00:01:24]} 33. f4 {[%clk 01:17:26]} {[%emt 00:00:26]}
exf4+ {[%clk 00:01:43]} {[%emt 00:00:20]} 34. Kxf4 {[%clk 01:17:48]} {[%emt
00:00:09]} Rf7+ {[%clk 00:01:56]} {[%emt 00:00:17]} 35. Rf5 {[%clk 01:17:20]}
{[%emt 00:00:57]} Rxf5+ {[%clk 00:01:22]} {[%emt 00:01:05]} 36. exf5+ {[%clk
01:17:33]} {[%emt 00:00:17]} Kf6 {[%clk 00:01:09]} {[%emt 00:00:43]} 37. Ke4
{[%clk 01:16:05]} {[%emt 00:01:57]} c6 {[%clk 00:01:16]} {[%emt 00:00:23]} 38.
Ke3 {[%clk 01:14:54]} {[%emt 00:01:41]} Ke5 {[%clk 00:00:40]} {[%emt 00:01:07]}
39. Kd3 {[%clk 01:14:06]} {[%emt 00:01:18]} h5 {[%clk 00:00:34]} {[%emt
00:00:36]} 40. gxh5 {[%clk 01:14:09]} {[%emt 00:00:27]} Kxf5 {[%clk 00:00:46]}
{[%emt 00:00:17]} 41. h6 {[%clk 01:14:09]} {[%emt 00:00:30]} Kg6 {[%clk
00:00:59]} {[%emt 00:00:17]} 42. Ke4 {[%clk 01:14:23]} {[%emt 00:00:16]} Kxh6
{[%clk 00:01:14]} {[%emt 00:00:15]} 43. Ke5 {[%clk 01:13:44]} {[%emt 00:01:09]}
Kg7 {[%clk 00:00:55]} {[%emt 00:00:50]} 44. Kd6 {[%clk 01:12:51]} {[%emt
00:01:22]} b5 {[%clk 00:01:00]} {[%emt 00:00:26]} 45. cxb5 {[%clk 01:12:20]}
{[%emt 00:01:01]} cxb5 {[%clk 00:01:15]} {[%emt 00:00:15]} 46. axb5 {[%clk
01:12:36]} {[%emt 00:00:13]} a4 {[%clk 00:01:29]} {[%emt 00:00:16]} 47. b6
{[%clk 01:12:59]} {[%emt 00:00:08]} a3 {[%clk 00:01:49]} {[%emt 00:00:10]} 48.
b7 {[%clk 01:13:17]} {[%emt 00:00:11]} a2 {[%clk 00:02:10]} {[%emt 00:00:10]}
49. b8=Q {[%clk 01:13:36]} {[%emt 00:00:10]} a1=Q {[%clk 00:02:22]} {[%emt
00:00:18]} 50. Qc7+ {[%clk 01:13:53]} {[%emt 00:00:13]} Kg6 {[%clk 00:02:11]}
{[%emt 00:00:42]} 51. Qxc5 {[%clk 01:14:01]} {[%emt 00:00:22]} Qd1+ {[%clk
00:01:45]} {[%emt 00:00:55]} 52. Kc7 {[%clk 01:14:14]} {[%emt 00:00:17]} Qg4
{[%clk 00:01:02]} {[%emt 00:01:13]} 53. c4 {[%clk 01:13:41]} {[%emt 00:01:03]}
Qh4 {[%clk 00:29:47]} {[%emt 00:01:45]} 54. Qd6+ {[%clk 01:42:22]} {[%emt
00:01:49]} Kg7 {[%clk 00:28:23]} {[%emt 00:01:54]} 55. c5 {[%clk 01:42:25]}
{[%emt 00:00:27]} Qf2 {[%clk 00:26:18]} {[%emt 00:02:35]} 56. c6 {[%clk
01:42:00]} {[%emt 00:00:55]} Qa7+ {[%clk 00:26:02]} {[%emt 00:00:46]} 57. Kd8
{[%clk 01:42:12]} {[%emt 00:00:18]} Qa8+ {[%clk 00:24:15]} {[%emt 00:02:18]}
58. Kd7 {[%clk 01:42:23]} {[%emt 00:00:18]} Qa4 {[%clk 00:23:17]} {[%emt
00:01:29]} 59. Qc7 {[%clk 01:40:25]} {[%emt 00:02:27]} Qd4+ {[%clk 00:21:51]}
{[%emt 00:01:57]} 60. Ke6+ {[%clk 01:38:34]} {[%emt 00:02:20]} Kg8 {[%clk
00:19:52]} {[%emt 00:02:29]} 61. Qf7+ {[%clk 01:38:18]} {[%emt 00:00:46]} Kh8
{[%clk 00:19:49]} {[%emt 00:00:33]} 62. Qf6+ {[%clk 01:38:40]} {[%emt
00:00:07]} Qxf6+ {[%clk 00:19:43]} {[%emt 00:00:37]} 63. Kxf6 {[%clk 01:39:02]}
{[%emt 00:00:08]} Kh7 {[%clk 00:19:12]} {[%emt 00:01:02]} 64. c7 {[%clk
01:39:24]} {[%emt 00:00:08]} Kg8 {[%clk 00:19:15]} {[%emt 00:00:26]} 65. c8=Q+
{[%emt 00:00:13]} Kh7 {[%clk 00:19:39]} {[%emt 00:00:05]} 66. Qe8 {[%clk
01:39:59]} {[%emt 00:00:13]} Kh6 {[%clk 00:19:58]} {[%emt 00:00:12]} 67. Qg6
{[%clk 01:39:53]} {[%emt 00:00:04]} 1-0

[Event "ODJM B 2023"]
[Site "Willingen GER"]
[Date "2023.05.29"]
[Round "3"]
[White "Hoffmann, Alexander"]
[Black "Laag, Pascal"]
[Result "1/2-1/2"]
[Termination "normal"]
[Board "8"]
[WhiteElo "1568"]
[BlackElo "1642"]
[WhiteClock "00:02:57"]
[BlackClock "00:22:00"]
[PlyCount "82"]
[WhiteFideId "16240219"]
[BlackFideId "16256069"]
[EventCountry "GER"]
[EventRounds "9"]
[EventType "swiss"]
[EventDate "2023.05.27"]

1. c4 {[%clk 01:30:57]} {[%emt 06:27:43]} c5 {[%clk 01:30:54]} {[%emt
00:00:07]} 2. Nf3 {[%clk 01:31:22]} {[%emt 00:00:04]} Nf6 {[%clk 01:31:06]}
{[%emt 00:00:18]} 3. g3 {[%clk 01:31:42]} {[%emt 00:00:10]} d5 {[%clk
01:31:17]} {[%emt 00:00:19]} 4. cxd5 {[%clk 01:31:26]} {[%emt 00:00:46]} Nxd5
{[%clk 01:31:40]} {[%emt 00:00:08]} 5. Nc3 {[%clk 01:31:18]} {[%emt 00:00:38]}
Nc7 {[%clk 01:31:20]} {[%emt 00:00:49]} 6. Bg2 {[%clk 01:28:12]} {[%emt
00:03:36]} Nc6 {[%clk 01:31:37]} {[%emt 00:00:13]} 7. O-O {[%clk 01:27:55]}
{[%emt 00:00:47]} e5 {[%clk 01:29:59]} {[%emt 00:02:09]} 8. b3 {[%clk
01:23:32]} {[%emt 00:04:53]} Be7 {[%clk 01:26:37]} {[%emt 00:03:51]} 9. Ba3
{[%clk 01:20:08]} {[%emt 00:03:54]} O-O {[%clk 01:22:42]} {[%emt 00:04:25]} 10.
Rc1 {[%clk 01:14:48]} {[%emt 00:05:50]} b6 {[%clk 01:18:21]} {[%emt 00:04:52]}
11. e4 {[%clk 01:00:16]} {[%emt 00:15:02]} Bg4 {[%clk 01:14:06]} {[%emt
00:04:44]} 12. h3 {[%clk 00:52:05]} {[%emt 00:08:41]} Be6 {[%clk 01:12:28]}
{[%emt 00:02:10]} 13. Ne2 {[%clk 00:51:26]} {[%emt 00:01:07]} Qd7 {[%clk
01:10:00]} {[%emt 00:02:58]} 14. Kh2 {[%clk 00:49:09]} {[%emt 00:02:47]} Rfd8
{[%clk 01:09:17]} {[%emt 00:01:15]} 15. Bb2 {[%clk 00:44:52]} {[%emt 00:04:46]}
f6 {[%clk 01:07:42]} {[%emt 00:02:04]} 16. Bc3 {[%clk 00:43:18]} {[%emt
00:02:04]} Nb5 {[%clk 00:59:39]} {[%emt 00:08:34]} 17. Nfg1 {[%clk 00:37:07]}
{[%emt 00:06:40]} Nxc3 {[%clk 00:56:11]} {[%emt 00:03:59]} 18. dxc3 {[%clk
00:36:19]} {[%emt 00:01:17]} Qd2 {[%clk 00:56:13]} {[%emt 00:00:28]} 19. Qc2
{[%clk 00:34:15]} {[%emt 00:02:34]} Rd3 {[%clk 00:54:23]} {[%emt 00:02:20]} 20.
Nf3 {[%clk 00:30:02]} {[%emt 00:04:44]} Qxc2 {[%clk 00:54:18]} {[%emt
00:00:34]} 21. Rxc2 {[%clk 00:30:24]} {[%emt 00:00:08]} Rad8 {[%clk 00:54:31]}
{[%emt 00:00:17]} 22. Rcc1 {[%clk 00:25:32]} {[%emt 00:05:23]} Bc8 {[%clk
00:54:22]} {[%emt 00:00:39]} 23. c4 {[%clk 00:21:18]} {[%emt 00:04:44]} Nd4
{[%clk 00:45:10]} {[%emt 00:09:42]} 24. Nfxd4 {[%clk 00:19:25]} {[%emt
00:02:22]} cxd4 {[%clk 00:45:32]} {[%emt 00:00:09]} 25. Rfd1 {[%clk 00:16:19]}
{[%emt 00:03:36]} Rxd1 {[%clk 00:45:53]} {[%emt 00:00:09]} 26. Rxd1 {[%clk
00:16:47]} {[%emt 00:00:01]} Ba6 {[%clk 00:44:07]} {[%emt 00:02:17]} 27. Nc1
{[%clk 00:07:42]} {[%emt 00:09:35]} b5 {[%clk 00:41:39]} {[%emt 00:02:58]} 28.
cxb5 {[%clk 00:08:10]} {[%emt 00:00:01]} Bxb5 {[%clk 00:41:54]} {[%emt
00:00:15]} 29. Nd3 {[%clk 00:08:05]} {[%emt 00:00:36]} Rc8 {[%clk 00:41:12]}
{[%emt 00:01:13]} 30. Bf1 {[%clk 00:04:32]} {[%emt 00:04:02]} Rc2 {[%clk
00:39:05]} {[%emt 00:02:36]} 31. Nxe5 {[%clk 00:02:18]} {[%emt 00:02:44]} Rxf2+
{[%clk 00:39:14]} {[%emt 00:00:22]} 32. Kg1 {[%clk 00:02:45]} {[%emt 00:00:03]}
Rxf1+ {[%clk 00:38:22]} {[%emt 00:01:22]} 33. Rxf1 {[%clk 00:03:14]} Bxf1
{[%clk 00:38:45]} {[%emt 00:00:07]} 34. Nc6 {[%clk 00:03:27]} {[%emt 00:00:17]}
Bxh3 {[%clk 00:33:11]} {[%emt 00:06:04]} 35. Nxe7+ {[%clk 00:03:53]} {[%emt
00:00:03]} Kf7 {[%clk 00:33:35]} {[%emt 00:00:07]} 36. Nc6 {[%clk 00:04:07]}
{[%emt 00:00:16]} d3 {[%clk 00:33:56]} {[%emt 00:00:09]} 37. Kf2 {[%clk
00:04:31]} {[%emt 00:00:06]} Bg2 {[%clk 00:27:35]} {[%emt 00:06:50]} 38. Nxa7
{[%clk 00:04:08]} {[%emt 00:00:53]} Bxe4 {[%clk 00:27:57]} {[%emt 00:00:09]}
39. Ke3 {[%clk 00:04:04]} {[%emt 00:00:33]} h5 {[%clk 00:27:56]} {[%emt
00:00:31]} 40. Nb5 {[%clk 00:03:33]} {[%emt 00:01:01]} Bc6 {[%clk 00:24:07]}
{[%emt 00:04:19]} 41. Nd4 {[%clk 00:02:57]} {[%emt 00:01:06]} Bd5 {[%clk
00:22:00]} {[%emt 00:02:37]} 1/2-1/2

[Event "ODJM B 2023"]
[Site "Willingen GER"]
[Date "2023.05.29"]
[Round "3"]
[White "Weyerer, Noah"]
[Black "Schöne, Finn"]
[Result "1/2-1/2"]
[Termination "normal"]
[Board "9"]
[WhiteElo "1677"]
[BlackElo "1411"]
[WhiteClock "00:05:14"]
[BlackClock "00:25:07"]
[PlyCount "105"]
[WhiteFideId "16250664"]
[BlackFideId "34623493"]
[EventCountry "GER"]
[EventRounds "9"]
[EventType "swiss"]
[EventDate "2023.05.27"]

1. c4 {[%clk 01:30:58]} {[%emt 18:19:39]} e6 {[%clk 01:30:57]} {[%emt
00:00:04]} 2. Nc3 {[%clk 01:31:22]} {[%emt 00:00:06]} d5 {[%clk 01:31:18]}
{[%emt 00:00:09]} 3. cxd5 {[%clk 01:31:41]} {[%emt 00:00:11]} exd5 {[%clk
01:31:44]} {[%emt 00:00:05]} 4. d4 {[%clk 01:31:58]} {[%emt 00:00:13]} c6
{[%clk 01:32:06]} {[%emt 00:00:08]} 5. Bf4 {[%clk 01:31:58]} {[%emt 00:00:29]}
f5 {[%emt 00:00:41]} 6. Nf3 {[%clk 01:30:56]} {[%emt 00:01:31]} Nf6 {[%clk
01:31:35]} {[%emt 00:00:52]} 7. e3 {[%clk 01:28:04]} {[%emt 00:03:21]} Be7
{[%clk 01:28:44]} {[%emt 00:03:21]} 8. Bd3 {[%clk 01:26:34]} {[%emt 00:02:00]}
O-O {[%clk 01:27:48]} {[%emt 00:01:26]} 9. Nd2 {[%clk 01:10:37]} {[%emt
00:16:26]} Be6 {[%clk 01:21:55]} {[%emt 00:06:24]} 10. Qc2 {[%clk 01:09:37]}
{[%emt 00:01:29]} Ne4 {[%clk 01:19:17]} {[%emt 00:03:09]} 11. f3 {[%clk
01:08:25]} {[%emt 00:01:42]} Nxd2 {[%clk 01:16:44]} {[%emt 00:03:03]} 12. Kxd2
{[%clk 01:04:31]} {[%emt 00:04:23]} Bd6 {[%clk 00:59:24]} {[%emt 00:17:51]} 13.
Bxd6 {[%clk 01:02:48]} {[%emt 00:02:13]} Qxd6 {[%clk 00:59:34]} {[%emt
00:00:20]} 14. g4 {[%clk 00:53:09]} {[%emt 00:10:08]} g6 {[%clk 00:39:48]}
{[%emt 00:20:17]} 15. Rag1 {[%clk 00:51:48]} {[%emt 00:01:50]} Kh8 {[%clk
00:38:40]} {[%emt 00:01:40]} 16. gxf5 {[%clk 00:25:08]} {[%emt 00:27:08]} Bxf5
{[%clk 00:38:55]} {[%emt 00:00:15]} 17. Rg3 {[%clk 00:23:09]} {[%emt 00:02:30]}
Nd7 {[%clk 00:36:07]} {[%emt 00:03:19]} 18. Rhg1 {[%clk 00:20:55]} {[%emt
00:02:42]} Bxd3 {[%clk 00:24:58]} {[%emt 00:11:40]} 19. Qxd3 {[%clk 00:21:12]}
{[%emt 00:00:13]} Rf5 {[%clk 00:20:32]} {[%emt 00:04:56]} 20. Ne2 {[%clk
00:16:13]} {[%emt 00:05:29]} Qb4+ {[%clk 00:16:47]} {[%emt 00:04:15]} 21. Qc3
{[%clk 00:16:35]} {[%emt 00:00:07]} Qxc3+ {[%emt 00:00:30]} 22. bxc3 {[%clk
00:16:27]} {[%emt 00:00:36]} Nb6 {[%clk 00:16:38]} {[%emt 00:00:42]} 23. Kd3
{[%clk 00:15:26]} {[%emt 00:01:30]} Raf8 {[%clk 00:16:13]} {[%emt 00:00:56]}
24. Nf4 {[%emt 00:03:50]} R8f6 {[%clk 00:15:09]} 25. h4 {[%clk 00:11:03]}
{[%emt 00:03:07]} Nd7 {[%clk 00:12:05]} {[%emt 00:03:34]} 26. h5 {[%clk
00:09:25]} {[%emt 00:02:08]} Nf8 {[%clk 00:12:15]} {[%emt 00:00:21]} 27. hxg6
{[%clk 00:07:37]} {[%emt 00:02:17]} Nxg6 {[%clk 00:12:35]} {[%emt 00:00:09]}
28. Nxg6+ {[%clk 00:08:02]} {[%emt 00:00:06]} Rxg6 {[%clk 00:12:43]} {[%emt
00:00:23]} 29. Rxg6 {[%clk 00:05:58]} {[%emt 00:02:33]} hxg6 {[%clk 00:13:12]}
{[%emt 00:00:01]} 30. Ke2 {[%clk 00:04:36]} {[%emt 00:01:51]} Kg7 {[%clk
00:13:14]} {[%emt 00:00:29]} 31. Rb1 {[%clk 00:03:06]} {[%emt 00:02:00]} b6
{[%clk 00:12:09]} {[%emt 00:01:35]} 32. e4 {[%clk 00:02:09]} {[%emt 00:01:26]}
dxe4 {[%clk 00:12:14]} {[%emt 00:00:26]} 33. fxe4 {[%clk 00:02:38]} Rh5 {[%clk
00:11:40]} {[%emt 00:01:05]} 34. a3 {[%clk 00:01:13]} {[%emt 00:01:55]} Rh3
{[%clk 00:11:30]} {[%emt 00:00:39]} 35. Kd2 {[%clk 00:00:59]} {[%emt 00:00:44]}
g5 {[%clk 00:11:29]} {[%emt 00:00:31]} 36. d5 {[%clk 00:00:51]} {[%emt
00:00:37]} cxd5 {[%clk 00:09:05]} {[%emt 00:02:55]} 37. exd5 {[%clk 00:01:17]}
{[%emt 00:00:03]} g4 {[%clk 00:06:42]} {[%emt 00:02:53]} 38. Rg1 {[%clk
00:00:36]} {[%emt 00:01:11]} g3 {[%clk 00:06:38]} {[%emt 00:00:36]} 39. Ke3
{[%clk 00:00:36]} {[%emt 00:00:29]} Kf6 {[%clk 00:04:20]} {[%emt 00:02:48]} 40.
Rg2 {[%clk 00:00:36]} {[%emt 00:00:30]} Ke5 {[%clk 00:04:03]} {[%emt 00:00:47]}
41. c4 {[%clk 00:00:40]} {[%emt 00:00:26]} b5 {[%clk 00:04:17]} {[%emt
00:00:15]} 42. cxb5 {[%clk 00:14:42]} {[%emt 00:16:28]} Kxd5 {[%clk 00:34:19]}
{[%emt 00:00:28]} 43. Kf3 {[%clk 00:08:05]} {[%emt 00:07:07]} Kc5 {[%clk
00:32:42]} {[%emt 00:02:08]} 44. a4 {[%clk 00:06:37]} {[%emt 00:01:58]} Rh4
{[%clk 00:27:06]} {[%emt 00:06:06]} 45. Rc2+ {[%clk 00:02:23]} {[%emt
00:04:44]} Rc4 {[%clk 00:24:04]} {[%emt 00:03:32]} 46. Rxc4+ {[%clk 00:02:35]}
{[%emt 00:00:18]} Kxc4 {[%emt 00:00:06]} 47. Kxg3 {[%clk 00:02:58]} {[%emt
00:00:05]} Kb4 {[%clk 00:24:51]} {[%emt 00:00:09]} 48. Kf2 {[%clk 00:03:22]}
{[%emt 00:00:06]} Kxa4 {[%clk 00:25:10]} {[%emt 00:00:12]} 49. Ke3 {[%clk
00:03:44]} {[%emt 00:00:06]} Kxb5 {[%clk 00:25:00]} {[%emt 00:00:41]} 50. Kd2
{[%clk 00:04:07]} {[%emt 00:00:06]} Kb4 {[%clk 00:25:00]} {[%emt 00:00:30]} 51.
Kc2 {[%clk 00:04:29]} {[%emt 00:00:08]} a5 {[%clk 00:25:01]} {[%emt 00:00:30]}
52. Kb2 {[%clk 00:04:51]} {[%emt 00:00:08]} a4 {[%clk 00:25:07]} {[%emt
00:00:24]} 53. Kb1 {[%clk 00:05:14]} {[%emt 00:00:07]} 1/2-1/2

[Event "ODJM B 2023"]
[Site "Willingen GER"]
[Date "2023.05.29"]
[Round "3"]
[White "John, Niklas"]
[Black "Duchstein, Anna"]
[Result "1-0"]
[Termination "normal"]
[Board "10"]
[WhiteElo "1652"]
[BlackElo "1568"]
[WhiteClock "00:01:23"]
[BlackClock "00:12:54"]
[PlyCount "111"]
[WhiteFideId "16234626"]
[BlackFideId "16261372"]
[EventCountry "GER"]
[EventRounds "9"]
[EventType "swiss"]
[EventDate "2023.05.27"]

1. e4 {[%clk 01:30:57]} d6 {[%clk 01:30:55]} {[%emt 00:00:06]} 2. d4 {[%clk
01:31:03]} {[%emt 00:00:23]} Nf6 {[%clk 01:31:19]} {[%emt 00:00:06]} 3. Nc3
{[%clk 01:30:54]} {[%emt 00:00:39]} Nbd7 {[%clk 01:31:44]} {[%emt 00:00:05]} 4.
Nf3 {[%clk 01:30:42]} {[%emt 00:00:42]} e5 {[%clk 01:32:08]} {[%emt 00:00:06]}
5. Bc4 {[%clk 01:30:20]} {[%emt 00:00:52]} h6 {[%clk 01:32:26]} {[%emt
00:00:12]} 6. O-O {[%clk 01:29:07]} {[%emt 00:01:43]} c6 {[%clk 01:32:38]}
{[%emt 00:00:19]} 7. a4 {[%clk 01:27:45]} {[%emt 00:01:52]} a5 {[%clk
01:32:58]} {[%emt 00:00:10]} 8. h3 {[%clk 01:25:45]} {[%emt 00:02:29]} Be7
{[%clk 01:33:22]} {[%emt 00:00:07]} 9. Be3 {[%clk 01:24:38]} {[%emt 00:01:36]}
Qc7 {[%clk 01:33:38]} {[%emt 00:00:14]} 10. Ba2 {[%clk 01:20:05]} {[%emt
00:05:04]} Nf8 {[%clk 01:33:38]} {[%emt 00:00:30]} 11. Qd2 {[%clk 01:07:09]}
{[%emt 00:13:25]} g5 {[%clk 01:31:43]} {[%emt 00:02:25]} 12. Nh2 {[%clk
00:55:05]} {[%emt 00:12:34]} Ng6 {[%clk 01:30:00]} {[%emt 00:02:14]} 13. f3
{[%clk 00:48:59]} {[%emt 00:06:35]} Nh5 {[%clk 01:28:58]} {[%emt 00:01:33]} 14.
Ne2 {[%clk 00:46:44]} {[%emt 00:02:44]} Nhf4 {[%clk 01:27:40]} {[%emt
00:01:48]} 15. Nxf4 {[%clk 00:42:10]} {[%emt 00:05:05]} gxf4 {[%clk 01:25:31]}
{[%emt 00:02:38]} 16. Bf2 {[%clk 00:42:13]} {[%emt 00:00:26]} h5 {[%clk
01:23:32]} {[%emt 00:02:30]} 17. Rad1 {[%clk 00:38:37]} {[%emt 00:04:06]} Rg8
{[%clk 01:19:50]} {[%emt 00:04:13]} 18. Kh1 {[%clk 00:35:57]} {[%emt 00:03:09]}
Bd7 {[%clk 01:09:54]} {[%emt 00:10:26]} 19. Be1 {[%clk 00:28:57]} {[%emt
00:07:29]} Rg7 {[%clk 01:03:46]} {[%emt 00:06:40]} 20. Rf2 {[%clk 00:24:39]}
{[%emt 00:04:48]} Qc8 {[%clk 00:48:59]} {[%emt 00:15:16]} 21. Qd3 {[%clk
00:08:56]} {[%emt 00:16:13]} Qc7 {[%clk 00:34:30]} {[%emt 00:14:59]} 22. Bc3
{[%clk 00:06:11]} {[%emt 00:03:15]} f6 {[%clk 00:30:09]} {[%emt 00:04:52]} 23.
Nf1 {[%clk 00:04:09]} {[%emt 00:02:32]} Nh4 {[%clk 00:28:46]} {[%emt 00:01:53]}
24. Nd2 {[%clk 00:03:10]} {[%emt 00:01:28]} Qc8 {[%clk 00:26:10]} {[%emt
00:03:07]} 25. Qf1 {[%clk 00:02:51]} {[%emt 00:00:48]} Qc7 {[%clk 00:24:42]}
{[%emt 00:01:59]} 26. Nc4 {[%clk 00:02:38]} {[%emt 00:00:42]} Be6 {[%clk
00:24:10]} {[%emt 00:01:02]} 27. Bb3 {[%clk 00:01:35]} {[%emt 00:01:34]} Bf7
{[%clk 00:22:04]} {[%emt 00:02:36]} 28. Qe1 {[%clk 00:01:30]} {[%emt 00:00:34]}
b6 {[%clk 00:19:07]} {[%emt 00:03:28]} 29. Re2 {[%clk 00:01:44]} {[%emt
00:00:16]} Ng6 {[%clk 00:17:52]} {[%emt 00:01:45]} 30. Qf2 {[%clk 00:02:06]}
{[%emt 00:00:07]} Rb8 {[%clk 00:17:43]} {[%emt 00:00:39]} 31. Qe1 {[%clk
00:01:14]} {[%emt 00:01:22]} Ra8 {[%clk 00:17:29]} {[%emt 00:00:45]} 32. Qd2
{[%clk 00:01:32]} {[%emt 00:00:12]} Bxc4 {[%clk 00:12:28]} {[%emt 00:05:30]}
33. Bxc4 {[%clk 00:01:55]} {[%emt 00:00:07]} Kd7 {[%clk 00:11:27]} {[%emt
00:01:31]} 34. Bb3 {[%clk 00:00:54]} {[%emt 00:01:31]} Rf8 {[%clk 00:11:05]}
{[%emt 00:00:53]} 35. Qe1 {[%clk 00:00:40]} {[%emt 00:00:44]} Kc8 {[%clk
00:11:03]} {[%emt 00:00:31]} 36. Be6+ {[%clk 00:00:58]} {[%emt 00:00:13]} Kb7
{[%clk 00:11:11]} {[%emt 00:00:21]} 37. b4 {[%clk 00:00:44]} {[%emt 00:00:45]}
axb4 {[%clk 00:10:46]} {[%emt 00:00:54]} 38. Bxb4 {[%clk 00:01:05]} {[%emt
00:00:10]} Ra8 {[%emt 00:02:04]} 39. Ra1 {[%clk 00:00:36]} Nf8 {[%clk
00:09:59]} {[%emt 00:00:42]} 40. Bc4 {[%clk 00:00:33]} {[%emt 00:00:32]} Nd7
{[%clk 00:06:01]} {[%emt 00:04:29]} 41. d5 {[%clk 00:20:16]} {[%emt 00:10:47]}
c5 {[%clk 00:32:25]} {[%emt 00:04:05]} 42. Bc3 {[%clk 00:19:06]} {[%emt
00:01:40]} Rag8 {[%clk 00:31:36]} {[%emt 00:01:19]} 43. Bb5 {[%clk 00:13:59]}
{[%emt 00:05:37]} Nb8 {[%clk 00:30:25]} {[%emt 00:01:41]} 44. a5 {[%clk
00:12:44]} {[%emt 00:01:45]} Qc8 {[%clk 00:26:37]} {[%emt 00:04:18]} 45. Kh2
{[%clk 00:07:55]} {[%emt 00:05:19]} f5 {[%clk 00:23:36]} {[%emt 00:03:31]} 46.
axb6 {[%clk 00:05:22]} {[%emt 00:03:02]} fxe4 {[%clk 00:19:16]} {[%emt
00:04:51]} 47. Bxe5 {[%clk 00:02:30]} {[%emt 00:03:22]} Rxg2+ {[%clk 00:15:58]}
{[%emt 00:03:48]} 48. Rxg2 {[%clk 00:02:46]} {[%emt 00:00:14]} Rxg2+ {[%clk
00:16:13]} {[%emt 00:00:15]} 49. Kxg2 {[%clk 00:02:41]} {[%emt 00:00:35]} Qg8+
{[%clk 00:15:54]} {[%emt 00:00:49]} 50. Kh1 {[%clk 00:01:33]} {[%emt 00:01:38]}
Bg5 {[%clk 00:12:07]} {[%emt 00:04:18]} 51. Ra7+ {[%clk 00:01:17]} {[%emt
00:00:45]} Kc8 {[%clk 00:11:50]} {[%emt 00:00:47]} 52. b7+ {[%clk 00:01:06]}
{[%emt 00:00:41]} Kd8 {[%clk 00:12:08]} {[%emt 00:00:12]} 53. Qa5+ {[%clk
00:01:18]} {[%emt 00:00:18]} Ke7 {[%clk 00:12:20]} {[%emt 00:00:19]} 54. Qc7+
{[%clk 00:01:29]} {[%emt 00:00:18]} Kf8 {[%clk 00:12:29]} {[%emt 00:00:22]} 55.
Bxd6+ {[%clk 00:01:32]} {[%emt 00:00:26]} Be7 {[%clk 00:12:54]} {[%emt
00:00:05]} 56. Qxe7# {[%clk 00:01:23]} {[%emt 00:00:08]} 1-0